| 000 | 00359nam a22001217a 4500 | ||
|---|---|---|---|
| 082 | _a220 PRO | ||
| 100 |
_aSALEHA,SANIA,QANDEEL,SIDRA, _972443 |
||
| 245 | _aPR-SOF-1180-REAL TIME ROBOTIC SOUND SOURCE LOCALIZATION & CAMERA STEERING | ||
| 260 |
_aISLAMABAD _bNUST COLLEGE OF EME _c2012 |
||
| 650 | _a DE-MTS-30 | ||
| 700 |
_aDR UMER IZAHAR _929321 |
||
| 942 | _cCR | ||
| 999 |
_c578472 _d578472 |
||